Loading...
പ്രാണസഞ്ചാരം
| Main Author: | |
|---|---|
| Other Authors: | |
| Format: | Printed Book |
| Published: |
Kottayam.
DCBooks
2013
|
| Subjects: |
| LEADER | 00583nam a22001577a 4500 | ||
|---|---|---|---|
| 020 | |a 9788126443260 | ||
| 082 | |a M894.8123 |b RAJ/P | ||
| 100 | |a രാജീവ് ശിവശങ്കർ | ||
| 245 | |a പ്രാണസഞ്ചാരം | ||
| 260 | |a Kottayam. |b DCBooks |c 2013 | ||
| 300 | |a 312p. | ||
| 650 | |a Praanasanchaaram-Novel-Malayalam Literature | ||
| 700 | |a Rajeev Sivasankar | ||
| 942 | |c BK | ||
| 999 | |c 34083 |d 34083 | ||
| 952 | |0 0 |1 0 |4 0 |6 M_894_812300000000000_RAJP |7 0 |8 Stack |9 36055 |a KUCL |b KUCL |c Stack |d 2015-08-01 |g 175.00 |l 6 |o M894.8123 RAJ/P |p 39688 |r 2019-07-29 |s 2019-06-19 |w 2015-08-01 |y BK | ||